00453nam a22001457a 450000500170000000800410001702000180005804000100007608200260008610000230011224500330013526000550016830000250022365000590024820260317140929.0260317b |||||||| |||| 00| 0 eng d a9788129137708 cVITAP 223rd Ed.a294.544 PAT aPattanaik, Devdutt aMy Gitac/ Devdutt Pattanaik aNew DelhibRupa Publications India Pvt. Ltd.c2021 a248p. : ill. ; 20cm 0aSelf-realization - Religious aspects; Hindu mythology